000 00451nam a2200193Ia 4500
008 210210b1908 xxu||||| |||| 00| 0 eng d
041 _aeng
082 _a515/72
100 _aHOLGATE (T F)
245 _aElementary geometry plane and solid
260 _aNew York
_bMacmillan & Co. Ltd.
_c1908
650 _asolid
650 _aplane
650 _ageometry
650 _aElementary
650 _aand
690 _aGeometry
906 _a007636
999 _c140175
_d140175